Chuck Palahniuk Novels Quiz Stats

 Plays Quiz Updated Feb 7, 2020

Support Sporcle.
Go Orange.
Score 0/15 Timer 03:00
1 Play Today
Year Novel % Correct
1996Fight Club
97.9%
2001Choke
85.5%
1999Survivor
57.4%
2002Lullaby
56.7%
1999Invisible Monsters
55.8%
2005Haunted
49.8%
2003Diary
47.2%
2007Rant
43.2%
Year Novel % Correct
2008Snuff
41%
2013Doomed
29.7%
2009Pygmy
28.7%
2011Damned
28.6%
2019Adjustment Day
23.7%
2014Beautiful You
22.5%
2010Tell-All
3.2%

From the Vault

Commonest English Verbs... In Song Titles

by SporcleEXP

Music 5m
These songs know where the action is.
Remove Ads.
Support Sporcle.
Get the best of Sporcle when you Go Orange. This ad-free experience offers more features, more stats, and more fun while also helping to support Sporcle. Thank you for becoming a member.

Show Comments

Extras

Top Quizzes Today


Score Distribution

Your Account Isn't Verified!

In order to create a playlist on Sporcle, you need to verify the email address you used during registration. Go to your Sporcle Settings to finish the process.

Report this User

Report this user for behavior that violates our Community Guidelines.

Details: